Most and Least Visited Countries - Statistics

General Stats
  • This quiz has been taken 71 times
  • The average score is 14 of 20
Answer Stats
Visitors Country % Correct
89,000,000 France
99%
80,000,000 United States
99%
36,000,000 United Kingdom
97%
83,000,000 Spain
94%
62,000,000 Italy
93%
63,000,000 China
91%
39,000,000 Germany
91%
41,000,000 Mexico
78%
200 Nauru
72%
2,000 Tuvalu
72%
6,000 Kiribati
67%
6,000 Marshall Islands
67%
46,000,000 Turkey
64%
30,000 F. S. Micronesia
60%
26,000 Solomon Islands
60%
38,000,000 Thailand
58%
29,000 São Tomé and Príncipe
52%
28,000 Comoros
51%
51,000 Djibouti
33%
54,000 Sierra Leone
15%
No matching quizzes found
Score Distribution
Percent of People with Each Score
Percentile by Number Answered
Your Score History
You have not taken this quiz